00601nam a2200181Ia 4500008004100000020001800041041000800059082001600067100003400083245005700117250000600174260003000180300001300210650002700223700002000250999001900270952013000289210716s2007 xx 000 0 und d a9788181285607 aeng a006.35 CHES aChen, Shu- Heng;Wang, Paul P. aComputational intelligence in economics and finance. a1 aNew DelhibSpringerc2007 axxii,480 aArtifical Intelligence aJain, Lakhmi C. c190571d190571 001040708MCAaAIMITbAIMITeKnowledge Worldg995.00l0o006.35 CHESpMCA10079r2026-05-23 00:00:00v746.25w2021-07-16yBK